| 000 | 00338nam a22001457a 4500 | ||
|---|---|---|---|
| 003 | SGT | ||
| 020 | _a8174093028 | ||
| 082 |
_a620.002 _bSHA |
||
| 100 | _aSHARMA,S.C | ||
| 245 | _aQUALITY MANAGEMENT AND RELIABILITY | ||
| 260 |
_aNEW DELHI _bKHANNA PUBLICATION _c2014 |
||
| 300 | _a739 | ||
| 650 | _aAUTOMOBILE ENGINEERING | ||
| 942 |
_2ddc _cBK |
||
| 999 |
_c8202 _d8202 |
||